[Event "29. Erfurter Schachfestival 2019 - Meis"]
[Site "Erfurt"]
[Date "2019.12.26"]
[Round "1.41"]
[White "Reucker, Friedrich"]
[Black "Hillmann, Michael"]
[Result "1/2-1/2"]
[WhiteElo "1945"]
[BlackElo "2144"]
[Annotator "Ruether,Rudolf"]
[PlyCount "128"]
[EventDate "2019.12.26"]

1. c4 Nf6 2. Nc3 c6 3. d4 d5 4. cxd5 cxd5 5. Bf4 a6 6. Nf3 Nc6 7. e3 e6 8. Bd3
b5 9. a3 Bb7 10. Rc1 Bd6 11. Bg3 O-O 12. O-O Bxg3 13. hxg3 Qd6 14. e4 dxe4 15.
Nxe4 Nxe4 16. Bxe4 g6 17. Ne5 Rac8 18. Nxc6 Bxc6 19. Qf3 Bxe4 20. Qxe4 Rfd8 21.
Rxc8 Rxc8 22. Rd1 {(=)} Rd8 23. f4 b4 24. Rd3 Qb6 25. Kh2 bxa3 26. bxa3 Rd5 27.
g4 h5 28. g5 Qd6 29. g3 Qc7 30. Qe3 Rb5 31. Qd2 Qb7 32. Rc3 a5 33. Qg2 Rb2 34.
Rc2 Qxg2+ 35. Rxg2 Rb3 36. Ra2 Rd3 37. Kg2 Rxd4 38. Kf2 Rd3 39. a4 Rd4 40. Ke3
Rb4 41. Ra3 Kg7 42. Kf3 f6 43. Rc3 fxg5 44. fxg5 Rxa4 45. Rc7+ Kf8 46. Rc8+ Ke7
47. Rc7+ Kd6 48. Rg7 Rg4 49. Rxg6 Ke5 50. Rg7 Kf5 51. g6 a4 52. Rg8 Rxg6 53.
Rf8+ Ke5 54. Ra8 Rg4 55. Ra5+ Kf6 56. Rxh5 Rb4 57. Ra5 Rb3+ 58. Kf4 a3 59. g4
e5+ 60. Ke4 Rb4+ 61. Kf3 Rb3+ 62. Ke4 Kg5 63. Kxe5 Kxg4 64. Kd4 Kf3 1/2-1/2

[Event "29. Erfurter Schachfestival 2019 - Meis"]
[Site "Erfurt"]
[Date "2019.12.26"]
[Round "1.42"]
[White "Schulte, Felix"]
[Black "Schroeter, Maik"]
[Result "1-0"]
[WhiteElo "2126"]
[BlackElo "1943"]
[PlyCount "71"]
[EventDate "2019.12.26"]

1. d4 Nf6 2. c4 e6 3. Nc3 Bb4 4. e3 O-O 5. Nge2 b6 6. a3 Bxc3+ 7. Nxc3 Bb7 8.
Qc2 d5 9. cxd5 exd5 10. Bd3 Nbd7 11. O-O c5 12. dxc5 Nxc5 13. Be2 Rc8 14. Qd1
Nce4 15. Nb5 a6 16. Nd4 g6 17. Bf3 h5 18. b4 Bc6 19. Bb2 Bd7 20. Qd3 Bb5 21.
Nxb5 axb5 22. Bxe4 Nxe4 23. Qxb5 Rc2 24. Be5 Nd2 25. Qd3 Qc8 26. Rfd1 Re8 27.
Rxd2 Rxd2 28. Qxd2 Rxe5 29. Rc1 Qa6 30. Rc3 Rf5 31. Qc2 Qb7 32. Rc8+ Kg7 33.
Qc3+ Rf6 34. Rc7 Qb8 35. Rc6 Qd8 36. Qd4 1-0

[Event "29. Erfurter Schachfestival 2019 - Meis"]
[Site "Erfurt"]
[Date "2019.12.26"]
[Round "1.43"]
[White "Niedzielski, Lars"]
[Black "Cordes, Klaus"]
[Result "1/2-1/2"]
[WhiteElo "1939"]
[BlackElo "2118"]
[PlyCount "55"]
[EventDate "2019.12.26"]

1. d4 Nf6 2. Nf3 g6 3. c4 Bg7 4. e3 O-O 5. Be2 c5 6. d5 d6 7. O-O e5 8. Nc3 Ne8
9. e4 h6 10. h4 Bg4 11. g3 f5 12. h5 Bxh5 13. Nh4 Bxe2 14. Qxe2 Rf6 15. exf5
gxf5 16. Qh5 Qd7 17. g4 f4 18. Nf5 Kh7 19. Ne4 Rg6 20. f3 Nf6 21. Nxf6+ Bxf6
22. Kf2 Bg5 23. b3 Na6 24. Bd2 Rf8 25. Rh1 Rff6 26. Qh3 b6 27. Qf1 Nc7 28. Qd3
1/2-1/2

[Event "29. Erfurter Schachfestival 2019 - Meis"]
[Site "Erfurt"]
[Date "2019.12.26"]
[Round "1.44"]
[White "Rensch, Toralf"]
[Black "Reinecke, Katharina"]
[Result "1/2-1/2"]
[WhiteElo "2103"]
[BlackElo "1936"]
[PlyCount "78"]
[EventDate "2019.12.26"]

1. e4 c6 2. d4 d5 3. exd5 cxd5 4. Bd3 Nc6 5. c3 Qc7 6. Ne2 Bg4 7. O-O Nf6 8.
Re1 e6 9. f3 Bh5 10. Bf4 Qd7 11. Nd2 Be7 12. Nb3 O-O 13. Nc5 Bxc5 14. dxc5 e5
15. Be3 Rfe8 16. Ng3 Bg6 17. Bb5 Qc7 18. Bg5 Rad8 19. Qa4 a6 20. Bxc6 Qxc6 21.
Qxc6 bxc6 22. Rad1 Rb8 23. b4 Nd7 24. a3 f6 25. Bc1 Nf8 26. f4 Bc2 27. Rd2 Bb1
28. Rb2 Bd3 29. Kf2 Ng6 30. Nh5 Re7 31. g4 Rbe8 32. f5 Nf8 33. Rd1 e4 34. Nf4
Bc4 35. Re1 e3+ 36. Rxe3 Bb5 37. Ra2 Bc4 38. Rb2 Bb5 39. Ra2 Bc4 1/2-1/2

[Event "29. Erfurter Schachfestival 2019 - Meis"]
[Site "Erfurt"]
[Date "2019.12.26"]
[Round "1.45"]
[White "Neubauer, Ralf"]
[Black "Schupp, Uwe"]
[Result "0-1"]
[WhiteElo "1931"]
[BlackElo "2098"]
[PlyCount "98"]
[EventDate "2019.12.26"]

1. Nf3 d6 2. d4 Nf6 3. g3 Nbd7 4. c4 e5 5. Nc3 Be7 6. Bg2 O-O 7. O-O c6 8. e4
a6 9. a4 a5 10. h3 exd4 11. Nxd4 Nc5 12. Be3 Re8 13. Qc2 Qc7 14. Rfd1 Bd7 15.
Rac1 Rad8 16. b3 Bc8 17. Kh2 g6 18. Re1 Nfd7 19. Rcd1 Na6 20. Qd2 Ndc5 21. Bg5
f6 22. Bf4 Nb4 23. Bf1 Bf8 24. g4 Ne6 25. Nxe6 Bxe6 26. Bg2 Na6 27. Ne2 Bf7 28.
Nd4 Nc5 29. Qc2 Qb6 30. Qc3 Bg7 31. Qg3 Bf8 32. Qc3 Nd7 33. Be3 Qc7 34. Kh1 Ne5
35. f4 Nd7 36. Bd2 Ra8 37. Bc1 Red8 38. Bb2 d5 39. Nc2 Qxf4 40. Rf1 d4 41. Qxd4
Qg3 42. Rd3 Qh4 43. Qf2 Qxf2 44. Rxf2 Nc5 45. Rxd8 Rxd8 46. Bxf6 Rd1+ 47. Kh2
Nxb3 48. Bf1 Bc5 49. Rf3 Nd2 0-1

[Event "29. Erfurter Schachfestival 2019 - Meis"]
[Site "Erfurt"]
[Date "2019.12.26"]
[Round "1.46"]
[White "Mueller, Frank"]
[Black "Fahland, Maximilian"]
[Result "1/2-1/2"]
[WhiteElo "2094"]
[BlackElo "1929"]
[PlyCount "48"]
[EventDate "2019.12.26"]

1. e4 c6 2. d4 d5 3. Nd2 dxe4 4. Nxe4 Bf5 5. Ng3 Bg6 6. Nf3 Nd7 7. h4 h6 8. h5
Bh7 9. Bd3 Bxd3 10. Qxd3 e6 11. Bd2 Ngf6 12. O-O-O Bd6 13. Ne4 Nxe4 14. Qxe4
Nf6 15. Qe2 Qc7 16. Ne5 O-O-O 17. c4 c5 18. Bc3 cxd4 19. Bxd4 Bxe5 20. Bxe5 Qa5
21. a3 Rxd1+ 22. Rxd1 Rd8 23. Rxd8+ Kxd8 24. f4 Qc5 1/2-1/2

[Event "29. Erfurter Schachfestival 2019 - Meis"]
[Site "Erfurt"]
[Date "2019.12.26"]
[Round "1.47"]
[White "Tenold, Andreas"]
[Black "Stabolewski, Andreas"]
[Result "0-1"]
[WhiteElo "1926"]
[BlackElo "2092"]
[PlyCount "70"]
[EventDate "2019.12.26"]

1. d4 Nf6 2. c4 e6 3. Nc3 Bb4 4. Qc2 d5 5. cxd5 Qxd5 6. a3 Bxc3+ 7. bxc3 c5 8.
Nf3 O-O 9. g3 Nc6 10. dxc5 Na5 11. Bg5 Qxc5 12. Bxf6 gxf6 13. Bg2 Bd7 14. O-O
Rac8 15. Nd2 Bc6 16. Bxc6 Rxc6 17. Nb3 Nxb3 18. Qxb3 Rb6 19. Qc2 Rc8 20. Rfc1
Qc4 21. Rab1 Rxb1 22. Qxb1 b6 23. Qc2 Rc5 24. Qd2 Kg7 25. Qc2 Ra5 26. Ra1 Rb5
27. Rb1 Rxb1+ 28. Qxb1 Qxc3 29. Qa2 b5 30. Qb1 Qxa3 31. Qxb5 a5 32. Qc4 Qb4 33.
Qc1 a4 34. h4 a3 35. h5 h6 0-1

[Event "29. Erfurter Schachfestival 2019 - Meis"]
[Site "Erfurt"]
[Date "2019.12.26"]
[Round "1.48"]
[White "Schmitt, Guenter"]
[Black "Cipra, Lothar"]
[Result "1/2-1/2"]
[WhiteElo "2091"]
[BlackElo "1921"]
[PlyCount "61"]
[EventDate "2019.12.26"]

1. Nf3 d5 2. e3 Nf6 3. b3 e6 4. Bb2 c5 5. c4 Nc6 6. cxd5 exd5 7. d3 Be7 8. Nbd2
O-O 9. Be2 Bg4 10. O-O Nd7 11. h3 Bh5 12. a3 Bf6 13. Qc2 Bxb2 14. Qxb2 Qf6 15.
Qxf6 Nxf6 16. Rfc1 Nd7 17. g4 Bg6 18. Nh4 Rac8 19. f4 f6 20. Nxg6 hxg6 21. Bf3
Ne7 22. e4 dxe4 23. Nxe4 b6 24. Nd6 Rcd8 25. Re1 Nb8 26. Rxe7 Rxd6 27. Rd1 a5
28. Kf2 Nc6 29. Bxc6 Rxc6 30. a4 Rd8 31. Ke3 1/2-1/2

[Event "29. Erfurter Schachfestival 2019 - Meis"]
[Site "Erfurt"]
[Date "2019.12.26"]
[Round "1.49"]
[White "Dittrich, Tom"]
[Black "Boehm, Christian"]
[Result "0-1"]
[WhiteElo "1915"]
[BlackElo "2090"]
[PlyCount "88"]
[EventDate "2019.12.26"]

1. e4 c5 2. Nf3 g6 3. d4 cxd4 4. Qxd4 Nf6 5. Bg5 Nc6 6. Qa4 Qb6 7. Nbd2 Ng4 8.
Bh4 Bg7 9. Nc4 Qc5 10. O-O-O b5 11. Qa3 Qxa3 12. Nxa3 a6 13. Be2 d6 14. h3 Nf6
15. Rhe1 O-O 16. Bf1 Nd7 17. g4 Nc5 18. Bg2 Be6 19. e5 dxe5 20. Ng5 Rac8 21.
Nxe6 Nxe6 22. Bxc6 Rxc6 23. Bxe7 Rfc8 24. Bb4 Bf8 25. Bxf8 Kxf8 26. c3 b4 27.
Nb1 f6 28. Kd2 Nf4 29. Re3 Rc5 30. Kc2 bxc3 31. Nxc3 Nd5 32. Rdd3 Nb4+ 33. Kb3
Nxd3 34. Rxd3 Rb8+ 35. Kc2 Ke7 36. Re3 Ke6 37. f4 Rb4 38. fxe5 fxe5 39. a3 Rd4
40. b4 Rc8 41. Kb3 Rcd8 42. Ne4 Rd3+ 43. Rxd3 Rxd3+ 44. Ka4 Kd5 0-1

[Event "29. Erfurter Schachfestival 2019 - Meis"]
[Site "Erfurt"]
[Date "2019.12.26"]
[Round "1.50"]
[White "Halas, Julia"]
[Black "Nicolai, Tim"]
[Result "0-1"]
[WhiteElo "2087"]
[BlackElo "1913"]
[PlyCount "34"]
[EventDate "2019.12.26"]

1. d4 f5 2. c4 Nf6 3. g3 e6 4. Bg2 Bb4+ 5. Bd2 Be7 6. Nc3 O-O 7. Nh3 d6 8. O-O
e5 9. dxe5 dxe5 10. e4 fxe4 11. Ng5 Bg4 12. Qc2 Nc6 13. Ngxe4 Nd4 14. Nxf6+
Rxf6 15. Qe4 Nf3+ 16. Bxf3 Bxf3 17. Qc2 Qd7 0-1

[Event "29. Erfurter Schachfestival 2019 - Meis"]
[Site "Erfurt"]
[Date "2019.12.26"]
[Round "1.51"]
[White "Schulze, Mario"]
[Black "Scheitz, Michael"]
[Result "1/2-1/2"]
[WhiteElo "1911"]
[BlackElo "2084"]
[PlyCount "46"]
[EventDate "2019.12.26"]

1. e4 e5 2. Nf3 Nc6 3. Bb5 a6 4. Ba4 Nf6 5. d3 d6 6. c3 b5 7. Bb3 Be7 8. O-O
O-O 9. Re1 Na5 10. Bc2 c5 11. Nbd2 Nc6 12. Nf1 h6 13. Ng3 Re8 14. h3 Be6 15. d4
cxd4 16. cxd4 Nxd4 17. Nxd4 exd4 18. Qxd4 Rc8 19. Bb3 d5 20. exd5 Bxd5 21. Be3
Bc5 22. Qd3 Bxe3 23. Rxe3 Rxe3 1/2-1/2

[Event "29. Erfurter Schachfestival 2019 - Meis"]
[Site "Erfurt"]
[Date "2019.12.26"]
[Round "1.52"]
[White "Kirschbaum, Gunnar"]
[Black "Schuffenhauer, Robert"]
[Result "1/2-1/2"]
[WhiteElo "2083"]
[BlackElo "1905"]
[PlyCount "85"]
[EventDate "2019.12.26"]

1. d4 Nf6 2. c4 e6 3. Nc3 Bb4 4. Qc2 Nc6 5. Nf3 O-O 6. Bg5 h6 7. Bh4 g5 8. Bg3
g4 9. Ne5 Nxd4 10. Qd3 Nf5 11. h3 gxh3 12. e4 Nxe4 13. Qxe4 Nxg3 14. Qg4+ Qg5
15. fxg3 Bxc3+ 16. bxc3 hxg2 17. Bxg2 f5 18. Qxg5+ hxg5 19. Rh5 Kg7 20. Rxg5+
Kf6 21. Nf3 Rh8 22. g4 b6 23. gxf5 Bb7 24. Rg6+ Kxf5 25. Rg7 Rag8 26. Rxg8 Rxg8
27. O-O-O Bxf3 28. Bxf3 Rg3 29. Rd3 Ke5 30. Be2 Rg1+ 31. Rd1 Rg2 32. Kd2 d5 33.
cxd5 exd5 34. Ke3 c6 35. Rh1 Kd6 36. Rh6+ Kc5 37. Ba6 Rg7 38. Kd3 b5 39. Bc8 a5
40. a3 Rg3+ 41. Kc2 Rg2+ 42. Kd3 Rg3+ 43. Kc2 1/2-1/2

[Event "29. Erfurter Schachfestival 2019 - Meis"]
[Site "Erfurt"]
[Date "2019.12.26"]
[Round "1.53"]
[White "Pellicoro, Fabian"]
[Black "Held, Carsten"]
[Result "1-0"]
[WhiteElo "1889"]
[BlackElo "2082"]
[PlyCount "79"]
[EventDate "2019.12.26"]

1. e4 c5 2. Nf3 g6 3. d4 cxd4 4. Nxd4 Bg7 5. c4 Nc6 6. Be3 d6 7. Nc3 Nf6 8. Be2
O-O 9. O-O Bd7 10. f4 Nxd4 11. Bxd4 Bc6 12. Qc2 a5 13. Rad1 Nd7 14. Bxg7 Kxg7
15. Nd5 Rc8 16. Qc3+ f6 17. f5 Bxd5 18. Rxd5 Qb6+ 19. Kh1 Rc5 20. a3 a4 21. Qb4
Rxd5 22. exd5 Ra8 23. Qxb6 Nxb6 24. fxg6 hxg6 25. g4 Nd7 26. Kg2 Nc5 27. Kf3
Ra6 28. Re1 Rb6 29. Bd1 Kf7 30. Re2 Ra6 31. Ke3 Ra8 32. h4 Nd7 33. Kd4 Ne5 34.
Rh2 Rc8 35. Be2 b5 36. cxb5 Rc2 37. h5 Rxb2 38. hxg6+ Kxg6 39. Bd3+ Nxd3 40.
Rxb2 1-0

[Event "29. Erfurter Schachfestival 2019 - Meis"]
[Site "Erfurt"]
[Date "2019.12.26"]
[Round "1.54"]
[White "Rettore, Ludwig"]
[Black "Franke, Luca"]
[Result "0-1"]
[WhiteElo "2081"]
[BlackElo "1880"]
[PlyCount "72"]
[EventDate "2019.12.26"]

1. Nf3 Nf6 2. g3 g6 3. Bg2 Bg7 4. O-O O-O 5. d3 d5 6. Nbd2 c5 7. e4 Nc6 8. c3
e5 9. Qe2 h6 10. Nb3 Qd6 11. exd5 Nxd5 12. Nfd2 b6 13. Qf3 Be6 14. c4 Nde7 15.
Ne4 Qc7 16. Nf6+ Kh8 17. Ng4 Bxg4 18. Qxg4 Rad8 19. Qh4 Kh7 20. Rd1 Nf5 21. Qh3
Nfd4 22. Nxd4 Nxd4 23. Bg5 Rd7 24. Be4 f5 25. Bg2 Nc2 26. Rac1 Nb4 27. a3 Nxd3
28. Rb1 e4 29. b4 cxb4 30. axb4 Qxc4 31. Rbc1 Qxb4 32. Rc6 Nxf2 33. Qxh6+ Bxh6
34. Rxd7+ Bg7 35. Kxf2 Qb2+ 36. Kf1 Qb5+ 0-1

[Event "29. Erfurter Schachfestival 2019 - Meis"]
[Site "Erfurt"]
[Date "2019.12.26"]
[Round "1.55"]
[White "Diener, Carolin Valeria"]
[Black "Hornung, Hans"]
[Result "1-0"]
[WhiteElo "1864"]
[BlackElo "2080"]
[PlyCount "89"]
[EventDate "2019.12.26"]

1. e4 c5 2. Nc3 e6 3. f4 a6 4. a4 d5 5. d3 Nc6 6. Nf3 Nf6 7. Be2 Be7 8. O-O O-O
9. Kh1 Rb8 10. e5 Nd7 11. d4 cxd4 12. Nxd4 Nc5 13. Be3 Qc7 14. Qe1 Ne4 15. Nxe4
dxe4 16. c3 Bd7 17. Qg3 f5 18. exf6 Bxf6 19. Nxc6 Bxc6 20. a5 Rbc8 21. Bb6 Qe7
22. b4 Bd5 23. Rac1 Bc4 24. Bxc4 Rxc4 25. Bc5 Rxc5 26. bxc5 Qxc5 27. Rfe1 Qxa5
28. Rxe4 Qf5 29. Qe3 e5 30. Re1 exf4 31. Rxf4 Qa5 32. Qe6+ Kh8 33. Qf7 Qa3 34.
Qc4 h6 35. Rf3 Qd6 36. Rd3 Qb6 37. Rde3 Qd8 38. Qb4 Kh7 39. Qxb7 Qd2 40. Qe4+
Kh8 41. Qd3 Qa2 42. Re8 Kg8 43. Rxf8+ Kxf8 44. Qd7 Qf7 45. Qc8+ 1-0

[Event "29. Erfurter Schachfestival 2019 - Meis"]
[Site "Erfurt"]
[Date "2019.12.26"]
[Round "1.56"]
[White "Popist, Florian"]
[Black "Pellicoro, Nathalie"]
[Result "1/2-1/2"]
[WhiteElo "2076"]
[BlackElo "1860"]
[PlyCount "135"]
[EventDate "2019.12.26"]

1. e4 c5 2. Nf3 e6 3. d4 cxd4 4. Nxd4 Nc6 5. Nb5 d6 6. c4 a6 7. N5c3 Nf6 8. Be2
Be7 9. Be3 Rb8 10. O-O O-O 11. Na3 Qa5 12. Rc1 Rd8 13. Qb3 Nb4 14. Nc2 d5 15.
cxd5 exd5 16. a3 Nxc2 17. Bb6 Nd4 18. Bxd4 b5 19. e5 Ne4 20. Nxe4 dxe4 21. Qe3
Bg5 22. Qxg5 Rxd4 23. Qe3 Qd2 24. Rcd1 Qxe3 25. fxe3 Rxd1 26. Rxd1 Be6 27. Rd6
Ra8 28. a4 bxa4 29. Rxa6 Rxa6 30. Bxa6 Bb3 31. Kf2 g5 32. Bb7 Bc2 33. Ke2 Kf8
34. Kd2 Bb3 35. Bxe4 h5 36. Kc3 Ke7 37. Kd4 Ke6 38. Bc6 h4 39. e4 Bc2 40. Bd5+
Ke7 41. Kc3 Bb1 42. g3 hxg3 43. hxg3 Ke8 44. Bc6+ Ke7 45. Bxa4 Bxe4 46. Kd4 Bb7
47. b4 f5 48. exf6+ Kxf6 49. Bc2 Ke6 50. b5 Kd6 51. Be4 Bc8 52. b6 Ba6 53. Kc3
Be2 54. Kb4 Bf1 55. Bf3 Ba6 56. g4 Bf1 57. Kc3 Bb5 58. Kb4 Bf1 59. Ka5 Bd3 60.
Bd1 Kc6 61. Ba4+ Kb7 62. Bd7 Be2 63. Bf5 Bd1 64. Kb5 Be2+ 65. Kc5 Bf3 66. Bd7
Be2 67. Be6 Bd1 68. Bd5+ 1/2-1/2

[Event "29. Erfurter Schachfestival 2019 - Meis"]
[Site "Erfurt"]
[Date "2019.12.26"]
[Round "1.57"]
[White "Weimert, Miriam"]
[Black "Koehler, Lukas"]
[Result "0-1"]
[WhiteElo "1845"]
[BlackElo "2071"]
[Annotator "Ruether,Rudolf"]
[PlyCount "70"]
[EventDate "2019.12.26"]

1. Nf3 Nf6 2. c4 c5 3. Nc3 Nc6 4. g3 e5 5. d3 Be7 6. Bg2 d6 7. O-O h6 8. a3 Be6
9. Rb1 d5 10. cxd5 Nxd5 11. e3 O-O 12. Qc2 Rc8 13. Ne2 Qd7 14. Rd1 Rfd8 15. Qd2
Qc7 16. Qe1 b5 17. b3 Nb6 18. d4 Bf5 19. Rb2 cxd4 20. exd4 Bxa3 21. Ra2 Bb4 22.
Bd2 Bxd2 23. Raxd2 Be4 24. Nxe5 Bxg2 25. Nxc6 Bxc6 26. Rc1 {(=)} Qd7 27. Ra1
Qd5 28. f3 Qxf3 29. Nf4 Qh1+ 30. Kf2 Qxh2+ 31. Kf1 Qh1+ 32. Kf2 Qf3+ 33. Kg1
Re8 34. Qf1 Qxg3+ 35. Ng2 Nd5 0-1

[Event "29. Erfurter Schachfestival 2019 - Meis"]
[Site "Erfurt"]
[Date "2019.12.26"]
[Round "1.58"]
[White "Reitz, Philipp"]
[Black "Matthaei, Jakob"]
[Result "1/2-1/2"]
[WhiteElo "2068"]
[BlackElo "1838"]
[Annotator "Ruether,Rudolf"]
[PlyCount "120"]
[EventDate "2019.12.26"]

1. d4 Nf6 2. c4 e6 3. Nf3 d5 4. g3 Be7 5. Bg2 O-O 6. O-O a6 7. cxd5 exd5 8. Nc3
Nbd7 9. Bf4 c6 10. Qc2 Nb6 11. b3 Nh5 12. Be3 f5 13. Ne5 Bd6 14. f4 Nf6 15. a4
Ne4 16. Nxe4 dxe4 17. a5 Nd5 18. Bc1 Be6 19. Nc4 Bc7 20. e3 Kh8 21. g4 g6 22.
g5 h6 23. h4 hxg5 {(=)} 24. hxg5 Kg7 25. Bd2 Rh8 26. Kf2 Qe7 27. Rh1 Bd6 28.
Rag1 Kf7 29. Qd1 Nc7 30. d5 cxd5 31. Qa1 dxc4 32. Rxh8 Rxh8 33. Qxh8 Qf8 34.
Qf6+ Ke8 35. Qxg6+ Kd7 36. bxc4 Qh8 37. Rh1 Qb2 38. Rh7+ Kc6 39. Bxe4+ Kc5 40.
Ke2 Bxc4+ 41. Bd3 Bxd3+ 42. Kxd3 Qb5+ 43. Kc2 Qc4+ 44. Bc3 Qe2+ 45. Kb3 Qd1+
46. Kb2 Qe2+ 47. Ka1 Qd1+ 48. Ka2 Qe2+ 49. Bb2 Qc4+ 50. Kb1 Qd3+ 51. Ka1 Qd1+
52. Ka2 Qd5+ 53. Kb1 Qd1+ 54. Bc1 Qb3+ 55. Ka1 Qc3+ 56. Ka2 Qc2+ 57. Bb2 Qc4+
58. Kb1 Qd3+ 59. Ka2 Qc4+ 60. Kb1 Qd3+ 1/2-1/2

[Event "29. Erfurter Schachfestival 2019 - Meis"]
[Site "Erfurt"]
[Date "2019.12.27"]
[Round "2.1"]
[White "Abel, Dennes"]
[Black "Zhukov, Anton"]
[Result "1/2-1/2"]
[WhiteElo "2463"]
[BlackElo "2190"]
[Annotator "Kohlstädt,Jürgen"]
[PlyCount "108"]
[EventDate "2019.12.26"]

1. d4 Nf6 2. c4 e6 3. g3 Bb4+ 4. Nd2 d5 5. Bg2 O-O 6. Ngf3 b6 7. O-O Bb7 8.
cxd5 exd5 9. a3 Bd6 10. b4 Nbd7 11. Bb2 Qe7 12. e3 a5 13. b5 a4 14. Qe2 c5 15.
bxc6 Bxc6 16. Rfc1 Rfc8 17. Ne1 b5 18. Nd3 Nb6 19. Nc5 Nc4 20. Bc3 Nd7 21. Bh3
Re8 22. Bxd7 Bxd7 23. Bb4 Bf5 24. Qf3 Be4 25. Ndxe4 dxe4 26. Qe2 Bxc5 27. Bxc5
Qd7 28. Rab1 Rab8 29. Kg2 f5 30. h3 Qd5 31. Rc3 g6 32. Rb4 Rec8 33. Qc2 g5 34.
Rcxc4 bxc4 35. Rxa4 f4 36. gxf4 gxf4 37. Qxc4 Qxc4 38. Rxc4 Rb2 39. Rb4 Rc2 40.
Rb3 Kf7 41. exf4 Rg8+ 42. Kf1 Rc1+ 43. Ke2 Rgg1 44. Bb4 Rh1 45. Rg3 Rc4 46. d5
Rd4 47. d6 Rhd1 48. f5 R1d3 49. Rg1 Rc4 50. Rg2 Rc2+ 51. Ke1 Rc1+ 52. Ke2 Rc2+
53. Ke1 Rc1+ 54. Ke2 Rc2+ {(=)} 1/2-1/2

[Event "29. Erfurter Schachfestival 2019 - Meis"]
[Site "Erfurt"]
[Date "2019.12.27"]
[Round "2.2"]
[White "Gschnitzer, Adrian"]
[Black "Urban, Lars"]
[Result "1-0"]
[WhiteElo "2408"]
[BlackElo "2178"]
[PlyCount "57"]
[EventDate "2019.12.26"]

1. e4 e6 2. d4 d5 3. Nd2 a6 4. Ngf3 Nf6 5. e5 Nfd7 6. Bd3 c5 7. c3 Nc6 8. O-O
Be7 9. Re1 g5 10. dxc5 Nxc5 11. Nb3 Nxd3 12. Qxd3 b5 13. Nfd4 Bd7 14. f4 gxf4
15. Bxf4 Bg5 16. Qe3 Rg8 17. Rf1 Nxd4 18. cxd4 b4 19. Nc5 Ra7 20. Rf3 Bxf4 21.
Qxf4 Bb5 22. h4 h5 23. Rg3 Rxg3 24. Qxg3 Be2 25. Qe1 Bb5 26. a4 bxa3 27. Rxa3
f5 28. Rg3 Qb6 29. Rg8+ 1-0

[Event "29. Erfurter Schachfestival 2019 - Meis"]
[Site "Erfurt"]
[Date "2019.12.27"]
[Round "2.3"]
[White "Meissner, Felix"]
[Black "Ruppert, Wolfgang"]
[Result "1-0"]
[WhiteElo "2377"]
[BlackElo "2169"]
[PlyCount "107"]
[EventDate "2019.12.26"]

1. e4 c5 2. Nf3 Nc6 3. Bb5 g6 4. Bxc6 dxc6 5. h3 Bg7 6. d3 e5 7. Be3 b6 8. Nbd2
Qc7 9. a4 a5 10. Nc4 f5 11. Qe2 f4 12. Bd2 Nh6 13. Ncxe5 O-O 14. Nc4 b5 15.
axb5 cxb5 16. Rxa5 Ba6 17. Na3 b4 18. Rxa6 Rxa6 19. Nb1 Ra2 20. b3 Rb2 21. O-O
Ra8 22. Rc1 Ra1 23. Qd1 Qd6 24. Be1 Rba2 25. c3 Ra8 26. cxb4 cxb4 27. d4 Nf7
28. e5 Qe7 29. Nbd2 Rxc1 30. Qxc1 Qb7 31. Nc4 Qe4 32. Bxb4 Rb8 33. Bc5 g5 34.
Ncd2 Qf5 35. Qc4 Re8 36. Ne4 Kh8 37. Qd5 h6 38. b4 Rd8 39. Qc6 h5 40. e6 g4 41.
Nh4 Ne5 42. Nxf5 Nxc6 43. e7 Nxe7 44. Nxe7 Bxd4 45. Nc6 Bxf2+ 46. Kxf2 Rd3 47.
hxg4 hxg4 48. Bd4+ Kg8 49. Nf6+ Kf8 50. Nxg4 Rb3 51. Nge5 Ke8 52. Bc5 Rb1 53.
Nd3 Kd7 54. Nd4 1-0

[Event "29. Erfurter Schachfestival 2019 - Meis"]
[Site "Erfurt"]
[Date "2019.12.27"]
[Round "2.4"]
[White "Heyder, Florian"]
[Black "Lagunow, Alexander"]
[Result "0-1"]
[WhiteElo "2205"]
[BlackElo "2374"]
[PlyCount "88"]
[EventDate "2019.12.26"]

1. d4 Nf6 2. c4 e6 3. Nc3 Bb4 4. Qc2 O-O 5. a3 Bxc3+ 6. Qxc3 b6 7. Bg5 Bb7 8.
f3 c5 9. dxc5 bxc5 10. e3 Nc6 11. Bxf6 Qxf6 12. Qxf6 gxf6 13. Ne2 Na5 14. Nc3
Nb3 15. Rd1 Rfd8 16. Bd3 Rab8 17. Kf2 Ba6 18. Ne4 f5 19. Nd6 Rb6 20. Be2 Kf8
21. Nb5 Ke7 22. a4 Bb7 23. Rd3 Na5 24. Rd2 a6 25. Nc3 Bc6 26. Rb1 Rb4 27. b3
Rdb8 28. Rdb2 Rxb3 29. Rxb3 Rxb3 30. Rxb3 Nxb3 31. Bd3 h6 32. Kg3 d6 33. Kh4
Kf6 34. Kh5 Kg7 35. Bc2 Na5 36. Bd3 Be8 37. Kh4 Nc6 38. Be2 Nb4 39. e4 fxe4 40.
Nxe4 Bxa4 41. Nxd6 Bc6 42. Ne4 Bxe4 43. fxe4 a5 44. Bd1 Na2 0-1

[Event "29. Erfurter Schachfestival 2019 - Meis"]
[Site "Erfurt"]
[Date "2019.12.27"]
[Round "2.5"]
[White "Walther, Andi"]
[Black "Nothnagel, Marian Can"]
[Result "0-1"]
[WhiteElo "2180"]
[BlackElo "2369"]
[PlyCount "78"]
[EventDate "2019.12.26"]

1. d4 Nf6 2. c4 g6 3. Nc3 Bg7 4. e4 d6 5. Nf3 O-O 6. Be2 e5 7. dxe5 dxe5 8.
Qxd8 Rxd8 9. Bg5 Re8 10. O-O-O Na6 11. Nxe5 Rxe5 12. Rd8+ Ne8 13. f4 Re6 14. f5
Re5 15. f6 h6 16. fxg7 hxg5 17. Bg4 Bxg4 18. Rxa8 Kxg7 19. h3 Bd7 20. Rd1 Bc6
21. Rdd8 Nd6 22. Kd2 Nxc4+ 23. Kd3 Nd6 24. Kd4 Kf6 25. Rxa7 Nb5+ 26. Nxb5 Rxb5
27. b3 Rb4+ 28. Kc3 Rxe4 29. Rd2 Nb4 30. Rf2+ Ke6 31. Ra8 Nd5+ 32. Kd2 Rd4+ 33.
Ke1 Nf4 34. Rd2 Nxg2+ 35. Kd1 Rh4 36. Re2+ Kf6 37. Rf2+ Kg7 38. Rc8 Ne3+ 39.
Ke2 Nd5 0-1

[Event "29. Erfurter Schachfestival 2019 - Meis"]
[Site "Erfurt"]
[Date "2019.12.27"]
[Round "2.6"]
[White "Stein, Robert"]
[Black "Payyappat, Sreyas"]
[Result "1-0"]
[WhiteElo "2327"]
[BlackElo "2166"]
[Annotator "Kohlstädt,Jürgen"]
[PlyCount "109"]
[EventDate "2019.12.26"]

1. d4 Nf6 2. c4 e6 3. g3 d5 4. Nf3 c6 5. Nbd2 Bb4 6. Qc2 b6 7. Bg2 Ba6 8. O-O
O-O 9. Rd1 Qe7 10. b3 Nbd7 11. e4 dxe4 12. Nxe4 Nxe4 13. Qxe4 Bb7 14. Bb2 Nf6
15. Qc2 Ba3 16. Bxa3 Qxa3 17. Ne5 Rac8 18. c5 Rfd8 19. Nc4 Qa6 20. Nd6 Rxd6 21.
cxd6 Qa3 22. d7 Nxd7 23. Rac1 Nf6 24. Qd2 Qd6 25. Rc4 Nd5 26. Qg5 Qe7 {(=)} 27.
Qe5 Qc7 28. Qxc7 Rxc7 29. Bxd5 exd5 30. Rc3 Re7 31. Re3 Rxe3 32. fxe3 g6 33.
Re1 Kf8 34. b4 Ke7 35. b5 Kd6 36. bxc6 Bxc6 37. g4 h6 {(=)} 38. Kf2 Kd7 39. Kf3
Bb5 40. Kf4 Bc4 41. a4 f6 42. h4 Ke6 43. g5 fxg5+ 44. hxg5 h5 45. e4 Kd6 46.
e5+ Kd7 {(=)} 47. Re3 Ke6 48. Kg3 Ke7 49. Rf3 Be2 50. Rf6 Bd3 51. Rc6 Ke8 52.
Rc7 a6 53. Kf4 Bf5 54. Rc6 b5 55. a5 1-0

[Event "29. Erfurter Schachfestival 2019 - Meis"]
[Site "Erfurt"]
[Date "2019.12.27"]
[Round "2.7"]
[White "Zienert, Richard"]
[Black "Klein, Felix"]
[Result "1-0"]
[WhiteElo "2171"]
[BlackElo "2304"]
[PlyCount "89"]
[EventDate "2019.12.26"]

1. e4 e5 2. Nf3 Nc6 3. Bb5 Nf6 4. d3 Bc5 5. Bxc6 dxc6 6. h3 Be6 7. Be3 Bd6 8.
Nbd2 c5 9. Qe2 Qe7 10. O-O-O a5 11. Kb1 Nd7 12. Ng5 Nf8 13. g3 f6 14. Nxe6 Nxe6
15. Rhf1 O-O-O 16. f4 b6 17. Nc4 Nd4 18. Qg4+ Kb7 19. fxe5 Bxe5 20. Nxe5 h5 21.
Qg6 Qxe5 22. Bxd4 cxd4 23. Rf5 Qe7 24. Rxh5 Rxh5 25. Qxh5 a4 26. a3 Ka6 27. Rf1
b5 28. g4 c6 29. g5 fxg5 30. Rf5 Rf8 31. Qxg5 Qe8 32. Qxg7 Rxf5 33. exf5 Qe1+
34. Ka2 Qf2 35. Qg4 Qxc2 36. Qf3 b4 37. axb4 a3 38. Kxa3 Kb5 39. Ka2 Kxb4 40.
f6 Qb3+ 41. Kb1 Qe6 42. f7 Qe1+ 43. Ka2 Qe6+ 44. Kb1 Qe1+ 45. Kc2 1-0